000 00520nam a2200181Ia 4500
005 20250508160113.0
008 008 250505s9999 xx 000 0 eng d
037 _aTextual
040 _aFEDL
_beng
_cFEDL
041 _aeng
_2eng
084 _a371.6206, ASI
_qFEDL
245 0 _aAnnual report of the director for the year 1967
245 0 _cAsian regional institute for school building research
260 _c1968
300 _a42p.
942 _cTEXL
_h371.6206, ASI
999 _c1361753
_d1361753